| 000 | 00473cam a2200193ua 4500 | ||
|---|---|---|---|
| 001 | 9024 | ||
| 008 | 150220n ii |||gr||||Z||||||eng | ||
| 020 | _a8178134780 | ||
| 040 | _cMAIN | ||
| 041 | _aeng | ||
| 082 | _a808.84 | ||
| 100 |
_aAggarwal, B. N., _eAuthor. |
||
| 245 | 1 |
_aComprehensive book of essays _cBy B. N. Aggarwal |
|
| 250 | _a1st. | ||
| 260 |
_aDelhi: _bSunrise, _c2008. |
||
| 300 | _a632p. | ||
| 653 | _aRhetoric & collections of literature | ||
| 942 | _cBK | ||
| 999 |
_c8115 _d8115 |
||